000 00660nam a2200277Ia 4500
008 170711s9999 xx 000 0 und d
020 _a9788126143719
050 _a1.4
050 _bT163 2010
100 _aTandon, Anil
245 _aResearch methodology :
245 _bmethods and techniques /
245 _cby Anil Tandon.
260 _aNew Delhi :
260 _bAnmol,
260 _c2010
300 _a288 pages :
300 _billustrations ;
300 _c21cm.
500 _aIncludes index.
650 _aSocial science --
650 _aSocial sciences --
650 _xMethodology.
650 _xResearch.
700 _aTitle.
999 _c339575
_d339575